Democracy and the student left

Đã lưu trong:
书目详细资料
主要作者: Kennan, George
格式: 图书
语言:Undetermined
出版: London Hutchinson of London 1968
主题:
标签: 添加标签
没有标签, 成为第一个标记此记录!
Thư viện lưu trữ: Trung tâm Học liệu Trường Đại học Cần Thơ
LEADER 00536nam a2200193Ia 4500
001 CTU_85109
008 210402s9999 xx 000 0 und d
082 |a 378.1 
082 |b K34 
100 |a Kennan, George 
245 0 |a Democracy and the student left 
245 0 |c George Kennan 
260 |a London 
260 |b Hutchinson of London 
260 |c 1968 
650 |a College students 
650 |x Political activity,Addresses, essays, lectures 
904 |i Mai Loan 
980 |a Trung tâm Học liệu Trường Đại học Cần Thơ